Reconnaissance de végétaux #2 - Statistiques

Statistiques générales
  • Ce quiz a été pris 6 fois
  • Le résultat moyen est 2 sur 16
Statistiques - réponses
Par images Réponse % Correct
Buis commun
50%
Camélia du Japon
25%
Charme commun
25%
Pâquerette vivace
25%
Scolopendre
25%
Arbousier commun
0%
Arbre à perles Profusion
0%
Arbre aux papillons du père David
0%
Aubriète deltoïde
0%
Aucuba du Japon Crotonifolia
0%
Campanule des murailles
0%
Epine-vinette de Thunberg Atropurpurea
0%
Laîche d'Oshima Evergold
0%
Mahonia hybride
0%
Plante des savetiers
0%
Souci commun
0%
Aucun quiz correspondant
Distribution des résultats
% des personnes avec chaque résultat
Percentile par nombre de réponses
Votre historique - résultats
Vous n’avez pas pris ce quiz